000 00804nam a2200241 i 4500
001 47700
003 ES-MaACL
005 20251123063301.0
007 t|
008 020313s2002 sp ||||1| spa d
020 _a84-88006-95-0
080 _a75 Delgado, Alvaro (064.3)
100 1 _aDelgado, Álvaro,
_d1922-
_943394
245 1 0 _aÁlvaro Delgado
_b: extremos : Conde Duque, Centro Cultural, 8 de octubre de 2002-5 de enero de 2003.
260 _aMadrid :
_bCentro Cultural Conde Duque,
_c2002.
300 _a175 p. :
_bil. ;
_c30 cm.
600 1 4 _aDelgado, Álvaro,
_d1922-
_943394
655 7 _2tgfbne
_9193628
_aCatálogos de exposiciones
710 2 _aCentro Cultural del Conde Duque.
_92579
852 _aES-MaACL
_jL-26314
_bR.132057
942 _2udc
999 _c47700
_d47700